[Event "Remote S7E Easy-169 email"]
[Site "Remote email"]
[Date "2013.06.30"]
[Round "?"]
[White "Gottwald, Bernhard"]
[Black "Pscheidl, Udo"]
[Result "1-0"]
[WhiteElo "1828"]
[BlackElo "1738"]
[PlyCount "31"]
[EventDate "2013.??.??"]
[EventType "tourn (corr)"]
[EventRounds "6"]
[EventCountry "GER"]
[SourceTitle "Corr 2015"]
[Source "ChessBase"]
[SourceDate "2015.07.17"]
[SourceVersion "1"]
[SourceVersionDate "2015.07.17"]
[SourceQuality "1"]

1. d4 d5 2. c4 dxc4 3. Nf3 a6 4. e4 e6 5. Bxc4 b5 6. Bb3 Bb7 7. Qc2 Nf6 8. Nbd2 Nbd7 9. 0-0 c5 10. e5 Nh5 11. Ne4 g6 12. g4 f5 13. exf6 Nhxf6 14. Bg5 c4 15. Bxc4 Rc8 16. Nxf6+ 1-0

[Event "Remote S7E Easy-169 email"]
[Site "Remote email"]
[Date "2013.06.30"]
[Round "?"]
[White "Grimm, Wolfgang"]
[Black "Pscheidl, Udo"]
[Result "1-0"]
[WhiteElo "1990"]
[BlackElo "1738"]
[PlyCount "29"]
[EventDate "2013.??.??"]
[EventType "tourn (corr)"]
[EventRounds "6"]
[EventCountry "GER"]
[SourceTitle "Corr 2015"]
[Source "ChessBase"]
[SourceDate "2015.07.17"]
[SourceVersion "1"]
[SourceVersionDate "2015.07.17"]
[SourceQuality "1"]

1. g3 c6 2. Nf3 d5 3. Bg2 Nf6 4. 0-0 Bf5 5. d4 Nbd7 6. Nh4 Bg6 7. Nxg6 hxg6 8. Nc3 e5 9. e4 exd4 10. exd5 Nxd5 11. Nxd5 cxd5 12. Bxd5 Nf6 13. Bxb7 Qb6 14. Re1+ Be7 15. Bxa8 1-0

[Event "Remote S7E Easy-169 email"]
[Site "Remote email"]
[Date "2013.06.30"]
[Round "?"]
[White "Pscheidl, Udo"]
[Black "Witt, Monika"]
[Result "1-0"]
[WhiteElo "1738"]
[BlackElo "1395"]
[PlyCount "57"]
[EventDate "2013.??.??"]
[EventType "tourn (corr)"]
[EventRounds "6"]
[EventCountry "GER"]
[SourceTitle "Corr 2015"]
[Source "ChessBase"]
[SourceDate "2015.07.17"]
[SourceVersion "1"]
[SourceVersionDate "2015.07.17"]
[SourceQuality "1"]

1. e4 e5 2. f4 d6 3. Nf3 a6 4. Nc3 f6 5. Bc4 Bg4 6. d3 c6 7. 0-0 h6 8. f5 b5 9. Be6 Ne7 10. Be3 Qa5 11. Bd2 Qb6+ 12. Kh1 Nd7 13. Qe1 Nc5 14. Be3 Qa5 15. Bxc5 dxc5 16. Qh4 Bxf3 17. Rxf3 b4 18. Qh5+ Kd8 19. Nb1 Qc7 20. Nd2 Qd6 21. Nc4 Qc7 22. g4 a5 23. Rg3 a4 24. g5 hxg5 25. Qxh8 Ke8 26. Rh3 Qd8 27. Rh7 Nc8 28. Rxg7 Ra7 29. Qh5+ 1-0

[Event "Remote S7E Easy-166 email"]
[Site "Remote email"]
[Date "2013.04.29"]
[Round "?"]
[White "Henkel, Phil"]
[Black "Pscheidl, Udo"]
[Result "1/2-1/2"]
[WhiteElo "1888"]
[BlackElo "1747"]
[PlyCount "69"]
[EventDate "2013.??.??"]
[EventType "tourn (corr)"]
[EventRounds "6"]
[EventCountry "GER"]
[SourceTitle "Corr 2015"]
[Source "ChessBase"]
[SourceDate "2015.07.17"]
[SourceVersion "1"]
[SourceVersionDate "2015.07.17"]
[SourceQuality "1"]

1. d4 d5 2. c4 dxc4 3. Nc3 c5 4. Nf3 e6 5. Bf4 Nf6 6. e4 Nc6 7. dxc5 Bxc5 8. Qxd8+ Nxd8 9. Bxc4 a6 10. 0-0 0-0 11. a3 b5 12. Bb3 Bb7 13. Rfe1 Ng4 14. Re2 Nc6 15. h3 Nf6 16. Bc2 Bd4 17. Bd2 e5 18. Rb1 h6 19. Nd1 Rac8 20. Bc3 Rfd8 21. Bxd4 exd4 22. Rd2 Rc7 23. Bd3 Re7 24. Re2 Nh5 25. g3 Ne5 26. Nxe5 Rxe5 27. Kh2 Nf6 28. f4 Re7 29. Nf2 Rde8 30. e5 Nd5 31. Be4 f6 32. Bxd5+ Bxd5 33. Nd3 Bc4 34. Rd2 Bxd3 35. Rxd3 1/2-1/2

[Event "Remote S7E Easy-166 email"]
[Site "Remote email"]
[Date "2013.04.29"]
[Round "?"]
[White "Witt, Monika"]
[Black "Pscheidl, Udo"]
[Result "0-1"]
[WhiteElo "1453"]
[BlackElo "1747"]
[PlyCount "72"]
[EventDate "2013.??.??"]
[EventType "tourn (corr)"]
[EventRounds "6"]
[EventCountry "GER"]
[SourceTitle "Corr 2015"]
[Source "ChessBase"]
[SourceDate "2015.07.17"]
[SourceVersion "1"]
[SourceVersionDate "2015.07.17"]
[SourceQuality "1"]

1. e4 e5 2. Nf3 Nc6 3. a3 Nf6 4. Bb5 Nxe4 5. Qe2 d5 6. Bxc6+ bxc6 7. Nxe5 Bc5 8. 0-0 Qf6 9. Nf3 Qg6 10. d3 Ba6 11. b4 Be7 12. Ne5 Qf6 13. Ng4 Qxa1 14. Nd2 Nxd2 15. Bxd2 Qxa3 16. Qe5 f6 17. Qxc7 Rc8 18. Qxa7 Kf7 19. Qd4 Qa2 20. Qc3 Qa4 21. Ra1 Qb5 22. Qb3 Ra8 23. c4 dxc4 24. Qb1 cxd3 25. Qb3+ Qd5 26. Qc3 Bb7 27. Re1 c5 28. Ne3 Qd4 29. Qc4+ Qxc4 30. Nxc4 cxb4 31. Nb6 Ra2 32. h3 Rxd2 33. Kf1 Bc5 34. Nd7 Rxf2+ 35. Kg1 Rxg2+ 36. Kf1 Rg1# 0-1